Travel from France to Indonesia - Double Whammy - Statistics

General Stats
  • This quiz has been taken 36 times
  • The average score is 8 of 20
Answers on the Grid
Answers color-coded by a green-red scale on the quiz's grid according to % correct below.
France
Switzerland
Belgium
Slovakia
Romania
Netherlands
Austria
Poland
Serbia
Bulgaria
Denmark
Slovenia
Croatia
Bosnia and Herzegovina
Turkey
Czech Republic
Montenegro
Alabnia
Greece
Georgia
Lithuania
Moldova
Ukraine
Hungary
Azerbaijan
Latvia
Belarus
Russia
Turkmenistan
Iran
Kazakhstan
Vietnam
Kyrgyzstan
Uzbekistan
Tajikistan
Thailand
Myanmar
China
Cambodia
Laos
Malaysia
Nepal
Bangladesh
Bhutan
India
Indonesia
Singapore
Brunei
Sri Lanka
Afghanistan
 
Answer Stats
Answer % Correct
France
92%
Austria
71%
Switzerland
71%
Bosnia and Herzegovina
54%
Croatia
50%
Slovenia
50%
China
38%
Indonesia
38%
Malaysia
33%
Georgia
29%
Iran
29%
Serbia
29%
Thailand
29%
Turkey
29%
Azerbaijan
25%
Bulgaria
25%
Kyrgyzstan
21%
Myanmar
21%
Turkmenistan
21%
Uzbekistan
17%
No matching quizzes found
Score Distribution
Percent of People with Each Score
Percentile by Number Answered
Your Score History
You have not taken this quiz